Concordantiarum: scripturae manuale

Uloženo v:
Podrobná bibliografie
Hlavní autoři: Raze de (Autor), Lachaud de (Autor), Flandrin (Autor)
Médium: Kniha
Jazyk:španělština
Vydáno: Barcelona Libreria Religiosa 1864
Vydání:1a. ed
Témata:
Tagy: Přidat tag
Žádné tagy, Buďte první, kdo vytvoří štítek k tomuto záznamu!

MARC

LEADER 00000cam a2200000 a 4500
001 UCD0073
003 CL-VaPUC
008 151112e18640000sp |||||||||||||||||spa|d
082 0 4 |a 090  |b RAZ  |2 21 
100 0 |a Raze de  |e author  |9 583068 
700 0 |a Lachaud de  |e author  |9 583069 
700 0 |a Flandrin  |e author  |9 583070 
245 1 0 |a Concordantiarum: scripturae manuale 
250 |a 1a. ed 
300 |a 751 p 
942 |c BK 
945 |d 20151112 20:22:00  |a gsalatino 
260 |a Barcelona  |b Libreria Religiosa  |c 1864 
650 7 |a CONCORDANCIAS BIBLICAS  |2 CL-VaPUC  |9 516894 
583 |a last modification  |c 20151112 20:22:00  |k Rodrigo Vera 
999 |c 361695  |d 361693 
952 |0 0  |1 0  |3 erd  |4 0  |6 090_000000000000000_RAZ_1864  |7 0  |8 P  |9 472335  |a BIBTEO  |b BIBTES  |c TEO_FTES  |i 520996K  |o 090 RAZ 1864  |p 520996K  |r 2024-01-18  |w 2019-11-24  |y BK  |z Catalogado en:20151112  |k ICR